[Event "Milan SSM May B"]
[Site "Milan"]
[Date "2015.05.22"]
[Round "3"]
[White "Longo, Giovanni"]
[Black "Colica, Daniele"]
[Result "1/2-1/2"]
[WhiteElo "1690"]
[BlackElo "1638"]
[PlyCount "101"]
[EventDate "2015.05.20"]
[EventType "swiss"]
[EventRounds "6"]
[EventCountry "ITA"]
[SourceTitle "EXT 2024"]
[Source "ChessBase"]
[SourceDate "2023.10.10"]
[SourceVersion "1"]
[SourceVersionDate "2023.10.10"]
[SourceQuality "1"]

1. g3 Nf6 2. Bg2 c5 3. d3 Nc6 4. e4 e6 5. f4 d5 6. Nf3 g6 7. b3 Bg7 8. Bb2 0-0 9. 0-0 Qc7 10. Qe2 b6 11. Nbd2 Bb7 12. Rae1 a5 13. e5 Ng4 14. Bh3 Nh6 15. a3 Ne7 16. Nh4 Rfe8 17. Ndf3 Nef5 18. Nxf5 Nxf5 19. Bxf5 exf5 20. h4 Qc6 21. d4 Bf8 22. c3 Rac8 23. Rc1 Qd7 24. Rc2 Rc6 25. Rfc1 Rec8 26. b4 h6 27. Qd2 Ba6 28. Qe3 cxb4 29. axb4 Bxb4 30. e6 Qxe6 31. Ne5 f6 32. Qd2 fxe5 33. cxb4 Rxc2 34. Rxc2 Rxc2 35. Qxc2 e4 36. Qc7 e3 37. Qb8+ Qc8 38. Qd6 e2 39. Qxd5+ Kf8 40. Qd6+ Kf7 41. Kf2 Qe6 42. Qc7+ Qe7 43. Qc3 Qf6 44. Qc7+ Ke8 45. Qb8+ Kf7 46. Qc7+ Qe7 47. Qxe7+ Kxe7 48. bxa5 bxa5 49. Bc3 Kd6 50. Bxa5 Kd5 51. Ke3 1/2-1/2

[Event "Lombardia Region-ch"]
[Site "Saronno"]
[Date "2013.05.26"]
[Round "4"]
[White "Longo, Giovanni"]
[Black "Squillante, Michele"]
[Result "1/2-1/2"]
[WhiteElo "1634"]
[BlackElo "1739"]
[PlyCount "71"]
[EventDate "2013.05.24"]
[EventType "swiss"]
[EventRounds "5"]
[EventCountry "ITA"]
[SourceTitle "EXT 2015"]
[Source "ChessBase"]
[SourceDate "2014.11.20"]
[SourceVersion "1"]
[SourceVersionDate "2014.11.20"]
[SourceQuality "1"]

1. e4 c6 2. d4 d5 3. e5 Bf5 4. h4 h6 5. g4 Bh7 6. e6 fxe6 7. Bh3 Qd6 8. g5 Nd7 9. gxh6 0-0-0 10. hxg7 Bxg7 11. Qg4 Bf6 12. Qxe6 Qxe6+ 13. Bxe6 Bxc2 14. Na3 Bg6 15. Nf3 Be4 16. Ke2 Bxf3+ 17. Kxf3 Rxh4 18. Rxh4 Bxh4 19. Be3 Ngf6 20. Rh1 Rh8 21. Bg5 Ne4 22. Bxd7+ Kxd7 23. Bxh4 Ke6 24. Kg2 Kf5 25. Bxe7 Rg8+ 26. Kf1 Re8 27. Rh5+ Kg4 28. Re5 Rh8 29. Kg2 Rh3 30. Re6 Rd3 31. Nc2 Rd2 32. Ne3+ Kh5 33. Re5+ Kg6 34. Bh4 Rxb2 35. Re7 a5 36. Rc7 1/2-1/2

[Event "Como Province-ch"]
[Site "Villa Guardia"]
[Date "2013.01.20"]
[Round "3"]
[White "Rossi, Giampiero"]
[Black "Longo, Giovanni"]
[Result "1-0"]
[WhiteElo "1898"]
[BlackElo "1661"]
[PlyCount "93"]
[EventDate "2013.01.19"]
[EventType "swiss"]
[EventRounds "6"]
[EventCountry "ITA"]
[SourceTitle "EXT 2014"]
[Source "ChessBase"]
[SourceDate "2013.11.20"]
[SourceVersion "1"]
[SourceVersionDate "2013.11.20"]
[SourceQuality "1"]

1. d4 d5 2. c4 c6 3. cxd5 cxd5 4. Nc3 Nf6 5. Nf3 Nc6 6. Bf4 e6 7. e3 a6 8. Rc1 Bb4 9. Bd3 0-0 10. h3 b5 11. 0-0 Bb7 12. Qb3 Qe7 13. Ne5 Rfc8 14. Bg5 Bd6 15. f4 Rc7 16. Qd1 h6 17. Bh4 Qd8 18. Bb1 Be7 19. a3 Rac8 20. Qd3 Nxe5 21. fxe5 Ne4 22. Bxe7 Qxe7 23. Ne2 Rxc1 24. Rxc1 Rxc1+ 25. Nxc1 Qc7 26. Ne2 Qc4 27. Nc3 Qxd3 28. Bxd3 Nxc3 29. bxc3 Kf8 30. Kf2 Ke7 31. g3 Bc6 32. h4 f6 33. exf6+ Kxf6 34. Ke2 e5 35. Kd2 Bd7 36. Kc1 e4 37. Be2 Bc8 38. Kb2 Ke7 39. Kb3 Kd6 40. a4 Bd7 41. axb5 Bxb5 42. Bxb5 axb5 43. Kb4 Kc6 44. h5 Kd6 45. Kxb5 Ke6 46. Kc5 Kf5 47. Kxd5 1-0

[Event "Milan SSM July"]
[Site "Milan"]
[Date "2012.06.30"]
[Round "3"]
[White "Longo, Giovanni"]
[Black "Fantina, Carla"]
[Result "1-0"]
[WhiteElo "1640"]
[BlackElo "1451"]
[PlyCount "39"]
[EventDate "2012.06.28"]
[EventType "swiss"]
[EventRounds "5"]
[EventCountry "ITA"]
[SourceTitle "EXT 2024"]
[Source "ChessBase"]
[SourceDate "2023.10.10"]
[SourceVersion "1"]
[SourceVersionDate "2023.10.10"]
[SourceQuality "1"]

1. e4 d6 2. d4 Nf6 3. Nc3 g6 4. Bc4 Bg7 5. Nge2 0-0 6. 0-0 c6 7. Bg5 h6 8. Bf4 Nh5 9. Be3 e5 10. Qd2 Kh7 11. dxe5 dxe5 12. Qxd8 Rxd8 13. Bxf7 b5 14. Rad1 Rf8 15. Bb3 Nd7 16. Rd6 Nf4 17. Rxc6 Nxe2+ 18. Nxe2 Bb7 19. Rc7 Bxe4 20. Rxd7 1-0

[Event "Modena Province-ch"]
[Site "Ceriano Laghetto"]
[Date "2010.02.??"]
[Round "6"]
[White "Longo, Giovanni"]
[Black "Pino, Nicola"]
[Result "1-0"]
[WhiteElo "1641"]
[BlackElo "1793"]
[PlyCount "122"]
[EventDate "2010.02.02"]
[EventType "swiss"]
[EventRounds "6"]
[EventCountry "ITA"]
[SourceTitle "EXT 2024"]
[Source "ChessBase"]
[SourceDate "2023.10.10"]
[SourceVersion "1"]
[SourceVersionDate "2023.10.10"]
[SourceQuality "1"]

1. d4 d5 2. Nf3 c6 3. c4 Nf6 4. Nc3 dxc4 5. Bg5 Nd5 6. e4 Nxc3 7. bxc3 b5 8. a4 Qc7 9. Qd2 e6 10. Be2 Bb7 11. 0-0 Be7 12. Bf4 Bd6 13. e5 Be7 14. Rfb1 a6 15. Qb2 Ra7 16. Be3 Ra8 17. Bxc4 Nd7 18. Bd3 0-0 19. Qc2 g6 20. h4 f5 21. Qb3 Kf7 22. Bg5 Rfb8 23. Bxe7 Kxe7 24. Ng5 Nf8 25. Qb4+ Kd7 26. Qc5 Ke8 27. axb5 axb5 28. Rxa8 Rxa8 29. Rxb5 h6 30. Nh3 Nd7 31. Qc4 Kf7 32. Nf4 Nf8 33. Rb1 g5 34. hxg5 hxg5 35. Nh3 Kg6 36. Qb3 Ra7 37. Qc2 c5 38. Qd2 Nh7 39. f4 g4 40. Nf2 Kg7 41. dxc5 Qxc5 42. Bxf5 Be4 43. Bxe4 g3 44. Kf1 gxf2 45. Qxf2 Qc4+ 46. Qe2 Qxe2+ 47. Kxe2 Rc7 48. Rb7 Rxb7 49. Bxb7 Nf8 50. c4 Kf7 51. c5 Ke7 52. Be4 Nd7 53. c6 Nc5 54. Ke3 Kd8 55. g4 Na6 56. g5 Ke7 57. f5 exf5 58. Bxf5 Nc7 59. g6 Ne8 60. Kf4 Kf8 61. Kg5 Kg7 1-0

[Event "Robecchetto op-B 19th"]
[Site "Robecchetto"]
[Date "2008.12.28"]
[Round "3"]
[White "Longo, Giovanni"]
[Black "Puricelli, Giancarlo"]
[Result "1/2-1/2"]
[WhiteElo "1670"]
[BlackElo "1607"]
[PlyCount "40"]
[EventDate "2008.12.27"]
[EventType "swiss"]
[EventRounds "6"]
[EventCountry "ITA"]
[SourceTitle "EXT 2011"]
[Source "ChessBase"]
[SourceDate "2010.11.26"]
[SourceVersion "1"]
[SourceVersionDate "2010.11.26"]
[SourceQuality "1"]

1. e4 e5 2. Nf3 d6 3. d4 Bg4 4. dxe5 Bxf3 5. Qxf3 dxe5 6. Bc4 Nf6 7. Bg5 Be7 8. 0-0 0-0 9. Nc3 Nc6 10. Bxf6 Nd4 11. Qd3 Bxf6 12. Nd5 c6 13. Nxf6+ Qxf6 14. c3 Ne6 15. Bxe6 Qxe6 16. Rfd1 Qf6 17. Qd6 Qf4 18. Qd3 h5 19. g3 Qg5 20. Qd2 Qf6 1/2-1/2